[Event "WchT Blitz Pool B"]
[Site "London"]
[Date "2025.06.14"]
[Round "3.5"]
[White "Efroimski, Marsel"]
[Black "Gong, Qianyun"]
[Result "0-1"]
[WhiteElo "2372"]
[BlackElo "2228"]
[PlyCount "96"]
[EventDate "2025.06.14"]
[EventType "team-tourn"]
[EventRounds "13"]
[EventCountry "ENG"]
[SourceTitle "CB25_2025"]
[SourceDate "2025.06.18"]
[SourceVersion "1"]
[SourceVersionDate "2025.06.18"]
[SourceQuality "1"]
[WhiteTeam "Rishon LeZion"]
[BlackTeam "Theme Int Trading"]
[WhiteTeamCountry "ISR"]
[BlackTeamCountry "SIN"]

1. e4 e6 2. d4 d5 3. Nc3 Bb4 4. exd5 exd5 5. Bd3 Ne7 6. Nf3 Nbc6 7. 0-0 0-0 8. Ng5 h6 9. Nh7 Re8 10. Bxh6 gxh6 11. Nf6+ Kg7 12. Nxe8+ Qxe8 13. Ne2 Bd6 14. c3 Bf5 15. Ng3 Bxg3 16. fxg3 Bxd3 17. Qxd3 Qd7 18. Rf3 Rf8 19. Raf1 Ng6 20. h4 Nd8 21. Rf6 Ne7 22. Qe3 Ng8 23. R6f5 Re8 24. Qf3 c6 25. g4 Re6 26. g5 hxg5 27. Rxg5+ Rg6 28. Qg3 Kh7 29. h5 Rxg5 30. Qxg5 Nh6 31. Rf6 Ng8 32. Rf3 Qe7 33. Qf5+ Kh8 34. Rg3 Nh6 35. Qf4 Kh7 36. Re3 Ne6 37. Qe5 Qh4 38. Rf3 Qg5 39. Qb8 Qc1+ 40. Rf1 Qe3+ 41. Kh1 Qg5 42. Qh2 Kg7 43. Qh3 f5 44. Qh2 Ng4 45. Qh3 Nf4 46. h6+ Kh7 47. Qg3 Qh5+ 48. Qh3 Nxh3 0-1

[Event "ISR-chT (Women)"]
[Site "Netanya"]
[Date "2025.05.30"]
[Round "4.2"]
[White "Karavaeva, Olga"]
[Black "Efroimski, Marsel"]
[Result "0-1"]
[WhiteElo "2271"]
[BlackElo "2372"]
[PlyCount "134"]
[EventDate "2025.05.29"]
[EventType "team-swiss"]
[EventRounds "6"]
[EventCountry "ISR"]
[SourceTitle "CB23_2025"]
[SourceDate "2025.06.04"]
[SourceVersion "1"]
[SourceVersionDate "2025.06.04"]
[SourceQuality "1"]
[WhiteTeam "Maccabi Kiryat Yam (W)"]
[BlackTeam "Rishon Le Zion (W)"]
[WhiteTeamCountry "ISR"]
[BlackTeamCountry "ISR"]

1. c4 Nf6 2. Nc3 e5 3. g3 Bb4 4. Bg2 0-0 5. Nf3 Re8 6. 0-0 e4 7. Ne1 Bxc3 8. bxc3 d5 9. cxd5 Qxd5 10. d4 Qc6 11. Bd2 Be6 12. Nc2 Nbd7 13. Ne3 Nb6 14. Qc2 Nc4 15. Nxc4 Bxc4 16. Bg5 Nd7 17. Rfe1 Nb6 18. f3 e3 19. g4 Bd5 20. Bf4 a5 21. Qf5 a4 22. h4 Be6 23. Qd3 Bc4 24. Qc2 a3 25. Rab1 Re7 26. Bg3 Bd5 27. Rb4 Nc4 28. Rc1 b5 29. h5 Nb2 30. Ra1 Ra4 31. Rxb2 axb2 32. Qxb2 Rc4 33. Rb1 b4 34. cxb4 Rc2 35. Qa3 Rxe2 36. b5 Qd7 37. b6 cxb6 38. Rxb6 Re8 39. Qc5 Rxg2+ 40. Kxg2 e2 41. Rb1 e1Q 42. Rxe1 Rxe1 43. Bxe1 Qxg4+ 44. Kf1 Qxf3+ 45. Bf2 h6 46. Ke1 Qe4+ 47. Kd2 Bxa2 48. Qc8+ Kh7 49. Qc2 Qxc2+ 50. Kxc2 Bd5 51. Kd3 Bf3 52. Ke3 Bxh5 53. d5 g5 54. d6 Bg4 55. Ke4 Kg6 56. Bd4 Bd7 57. Kf3 f5 58. Bc3 Bc6+ 59. Kg3 f4+ 60. Kh3 Bd7+ 61. Kg2 g4 62. Bd2 Kf5 63. Be1 Kg5 64. Ba5 Bc6+ 65. Kf2 g3+ 66. Kg1 Kg4 67. Bd2 h5 0-1

[Event "BL 2425 (Women)"]
[Site "Germany"]
[Date "2025.03.16"]
[Round "8.3"]
[White "Lach, Aleksandra"]
[Black "Efroimski, Marsel"]
[Result "1-0"]
[WhiteElo "2210"]
[BlackElo "2399"]
[PlyCount "111"]
[EventDate "2024.11.16"]
[EventType "team-tourn"]
[EventRounds "11"]
[EventCountry "GER"]
[SourceTitle "CB14_2025"]
[SourceDate "2024.11.01"]
[SourceVersion "1"]
[SourceVersionDate "2024.11.01"]
[SourceQuality "1"]
[WhiteTeam "Harksheide (W)"]
[BlackTeam "Schwaebisch Hall (W)"]
[WhiteTeamCountry "GER"]
[BlackTeamCountry "GER"]

1. e4 c6 2. d4 d5 3. exd5 cxd5 4. Bd3 Nc6 5. c3 e6 6. f4 Bd6 7. Nf3 Nf6 8. Ne5 0-0 9. Qe2 Ne7 10. 0-0 b6 11. b3 Bb7 12. Nd2 Ne8 13. Rf3 g6 14. Bb2 Ng7 15. Raf1 f6 16. Ng4 Nef5 17. Rh3 Qc7 18. g3 Rae8 19. Bb5 Re7 20. Nf3 Bc8 21. Nfe5 fxe5 22. fxe5 Ref7 23. exd6 Qxd6 24. Qe5 Qe7 25. Bd3 h5 26. Nf2 g5 27. g4 Nh4 28. gxh5 Nf3+ 29. Rxf3 Rxf3 30. Be2 R3f5 31. Qg3 Qf7 32. Ba3 Rd8 33. Ng4 Rxf1+ 34. Bxf1 Qf4 35. Qxf4 gxf4 36. Be7 Rd7 37. Nf6+ Kf7 38. Nxd7 Bxd7 39. h6 Nf5 40. Bg5 Kg6 41. Bd3 b5 42. Bxf4 Be8 43. Kf2 Kh7 44. Bg5 Bg6 45. Bxb5 Nxh6 46. Bxh6 Kxh6 47. c4 dxc4 48. Bxc4 Bf5 49. b4 Kg5 50. Kg3 Kf6 51. Kf4 Bc2 52. Bb3 Bd3 53. a4 Be2 54. b5 Bd3 55. h4 Be2 56. Bc2 1-0

[Event "ISR-chT"]
[Site "Israel"]
[Date "2025.02.15"]
[Round "8.4"]
[White "Efroimski, Marsel"]
[Black "Alekseev, Evgeny V"]
[Result "0-1"]
[WhiteElo "2398"]
[BlackElo "2505"]
[PlyCount "142"]
[EventDate "2025.01.08"]
[EventType "team-tourn"]
[EventRounds "11"]
[EventCountry "ISR"]
[SourceTitle "CB08_2025"]
[SourceDate "2025.02.19"]
[SourceVersion "1"]
[SourceVersionDate "2025.02.19"]
[SourceQuality "1"]
[WhiteTeam "Rishon Le iZion II"]
[BlackTeam "Ashdod"]
[WhiteTeamCountry "ISR"]
[BlackTeamCountry "ISR"]

1. e4 e5 2. Nf3 Nc6 3. d4 exd4 4. Nxd4 Nf6 5. Nxc6 bxc6 6. e5 Qe7 7. Qe2 Nd5 8. c4 Nb6 9. Nc3 Qe6 10. Qe4 g6 11. Bd2 Bg7 12. c5 Nd5 13. Bc4 Bb7 14. 0-0 0-0 15. Rfe1 Rfe8 16. Bf4 d6 17. cxd6 cxd6 18. Bxd5 cxd5 19. Qb4 d4 20. Qxb7 dxc3 21. bxc3 dxe5 22. Rab1 Qxa2 23. Be3 a5 24. Qb5 a4 25. Re2 Qe6 26. c4 Rec8 27. Rc2 a3 28. Qb3 Bf8 29. h3 Bd6 30. Qa2 Bf8 31. Rb6 Qd7 32. Kh2 Bc5 33. Bxc5 Rxc5 34. Rb3 Qc7 35. Rxa3 Rxa3 36. Qxa3 Rxc4 37. Rxc4 Qxc4 38. Qe7 Qd4 39. f3 Kg7 40. Qe8 h5 41. Qe7 Qf4+ 42. Kg1 g5 43. Qe8 g4 44. hxg4 hxg4 45. fxg4 e4 46. Qc6 Qxg4 47. Kf2 Qf4+ 48. Ke2 f6 49. Qe6 Kh6 50. Qg8 f5 51. Qh8+ Kg5 52. Qg7+ Kh5 53. Qh7+ Kg4 54. Qh8 Qd6 55. Qg7+ Kh4 56. Qh7+ Kg5 57. Qg7+ Qg6 58. Qe5 Kg4 59. Qc3 f4 60. Qc8+ Kh4 61. Qh3+ Kg5 62. Qb3 e3 63. Qd5+ Kh4 64. g3+ Qxg3 65. Qd4 Kh3 66. Qh8+ Kg2 67. Qd4 Qf3+ 68. Kd3 e2+ 69. Kd2 Kf1 70. Qa1+ Kg2 71. Qg7+ Kf2 0-1

[Event "ISR-chT"]
[Site "Israel"]
[Date "2025.02.07"]
[Round "5.5"]
[White "Efroimski, Marsel"]
[Black "Taichman, Ori"]
[Result "1/2-1/2"]
[WhiteElo "2398"]
[BlackElo "2354"]
[PlyCount "73"]
[EventDate "2025.01.08"]
[EventType "team-tourn"]
[EventRounds "11"]
[EventCountry "ISR"]
[SourceTitle "CB08_2025"]
[SourceDate "2025.02.19"]
[SourceVersion "1"]
[SourceVersionDate "2025.02.19"]
[SourceQuality "1"]
[WhiteTeam "Rishon Le iZion II"]
[BlackTeam "Beer Sheva II"]
[WhiteTeamCountry "ISR"]
[BlackTeamCountry "ISR"]

1. e4 c6 2. d4 d5 3. e5 Bf5 4. Nf3 e6 5. Be2 c5 6. Be3 Qb6 7. Nc3 Nc6 8. 0-0 Qxb2 9. Qe1 cxd4 10. Bxd4 Nxd4 11. Nxd4 Bb4 12. Rb1 Bxc3 13. Rxb2 Bxe1 14. Rxe1 b6 15. h4 h5 16. Nxf5 exf5 17. c4 Ne7 18. Rd2 0-0-0 19. Red1 dxc4 20. Bxc4 Rxd2 21. Rxd2 Ng6 22. Bxf7 Nxe5 23. Be6+ Kc7 24. f4 Re8 25. Bxf5 Rf8 26. fxe5 Rxf5 27. e6 g6 28. Rd7+ Kc6 29. Rxa7 Re5 30. e7 Kd6 31. Rb7 Kc6 32. e8Q+ Rxe8 33. Rg7 Re6 34. Kf2 Kd5 35. g4 hxg4 36. Kg3 Ke5 37. Kxg4 1/2-1/2

[Event "ISR-chT"]
[Site "Israel"]
[Date "2025.01.08"]
[Round "1.3"]
[White "Efroimski, Marsel"]
[Black "Steinberg, Nitzan"]
[Result "0-1"]
[WhiteElo "2398"]
[BlackElo "2563"]
[PlyCount "110"]
[EventDate "2025.01.08"]
[EventType "team-tourn"]
[EventRounds "11"]
[EventCountry "ISR"]
[SourceTitle "CB08_2025"]
[SourceDate "2025.02.19"]
[SourceVersion "1"]
[SourceVersionDate "2025.02.19"]
[SourceQuality "1"]
[WhiteTeam "Rishon Le iZion II"]
[BlackTeam "Rishon Le Zion Feldklein"]
[WhiteTeamCountry "ISR"]
[BlackTeamCountry "ISR"]

1. e4 e5 2. Nf3 Nc6 3. Bc4 Nf6 4. d3 Bc5 5. c3 d6 6. 0-0 Bb6 7. Re1 h6 8. Nbd2 Ne7 9. Nf1 Ng6 10. h3 0-0 11. Ng3 c6 12. Bb3 Re8 13. d4 Qc7 14. Be3 Be6 15. Bxe6 fxe6 16. dxe5 dxe5 17. Qb3 Bxe3 18. Rxe3 Rad8 19. Ree1 c5 20. Qc4 Qc6 21. a4 Nd7 22. a5 b5 23. axb6 axb6 24. Ra6 Nb8 25. Ra7 b5 26. Qa2 Rd7 27. h4 Qd6 28. Rxd7 Nxd7 29. Qb3 Qc6 30. c4 b4 31. Rd1 Ra8 32. Qd3 Nf6 33. Qc2 Qc7 34. Ne2 Qb7 35. Ng3 Ng4 36. Nh2 Nxh2 37. Kxh2 Nxh4 38. Qe2 Ng6 39. Qg4 Nf4 40. f3 Qf7 41. Nf1 Qf6 42. Ne3 h5 43. Qg3 Ne2 44. Qf2 Nd4 45. Nc2 Rd8 46. Nxd4 Rxd4 47. Rxd4 exd4 48. f4 d3 49. e5 Qd8 50. Qd2 Qd4 51. b3 Kh7 52. Kg3 Kg6 53. Kh4 Qe4 54. Qf2 Qe2 55. Qg3+ Qg4+ 0-1

[Event "London Classic Superblitz Gp-B"]
[Site "London"]
[Date "2024.12.07"]
[Round "6"]
[White "Efroimski, Marsel"]
[Black "Parker, Jonathan"]
[Result "0-1"]
[WhiteElo "2397"]
[BlackElo "2526"]
[PlyCount "103"]
[EventDate "2024.12.07"]
[EventType "tourn (blitz)"]
[EventRounds "7"]
[EventCountry "ENG"]
[EventCategory "11"]
[SourceTitle "CB04_2025"]
[SourceDate "2025.01.22"]
[SourceVersion "1"]
[SourceVersionDate "2025.01.22"]
[SourceQuality "1"]

1. e4 e5 2. Nf3 Nc6 3. Nc3 Nf6 4. Bb5 Nd4 5. Bc4 Nxf3+ 6. gxf3 d6 7. d4 Be6 8. d5 Bd7 9. f4 exf4 10. Bxf4 g6 11. Qe2 Qe7 12. e5 Nh5 13. exd6 Qxe2+ 14. Nxe2 Nxf4 15. Nxf4 Bxd6 16. Nd3 0-0-0 17. Kd2 Rde8 18. f3 h5 19. Rae1 Rxe1 20. Kxe1 b5 21. Bb3 a5 22. c3 h4 23. Kf2 Re8 24. Bc2 Bf5 25. a3 Kb7 26. f4 Kb6 27. Re1 Rxe1 28. Kxe1 Bxf4 29. Nxf4 Bxc2 30. Kd2 Bf5 31. b4 g5 32. Nh5 Bg6 33. Nf6 axb4 34. axb4 c6 35. d6 Kb7 36. Ke3 Kc8 37. Kd4 Bf5 38. Kc5 Kb7 39. Kd4 Kc8 40. Ke5 Be6 41. Kd4 Kb7 42. Kc5 g4 43. Kd4 g3 44. hxg3 h3 45. Ne4 h2 46. Nf2 Bd5 47. Ke5 Kc8 48. Kf6 Kd7 49. g4 Kxd6 50. g5 Kd7 51. Kg7 Ke7 52. Kh6 0-1

[Event "London Classic Superblitz Gp-B"]
[Site "London"]
[Date "2024.12.07"]
[Round "3"]
[White "Efroimski, Marsel"]
[Black "Vachier Lagrave, Maxime"]
[Result "0-1"]
[WhiteElo "2397"]
[BlackElo "2731"]
[PlyCount "120"]
[EventDate "2024.12.07"]
[EventType "tourn (blitz)"]
[EventRounds "7"]
[EventCountry "ENG"]
[EventCategory "11"]
[SourceTitle "CB04_2025"]
[SourceDate "2025.01.22"]
[SourceVersion "1"]
[SourceVersionDate "2025.01.22"]
[SourceQuality "1"]

1. e4 c5 2. Nf3 Nc6 3. Bb5 g6 4. 0-0 Bg7 5. c3 Nf6 6. Re1 0-0 7. d4 d5 8. e5 Ne4 9. Be3 cxd4 10. cxd4 Qb6 11. Bxc6 Qxc6 12. Nfd2 Be6 13. Nxe4 dxe4 14. Nc3 Rfd8 15. Qc2 f5 16. exf6 exf6 17. Qxe4 Qxe4 18. Nxe4 f5 19. Nc3 Bf7 20. Rad1 Rd7 21. a3 Rc8 22. d5 Bxc3 23. bxc3 b6 24. Rd3 Rxd5 25. Rxd5 Bxd5 26. Bd4 Kf7 27. f3 Rc4 28. Kf2 Ra4 29. Ra1 f4 30. h4 h6 31. g3 g5 32. hxg5 hxg5 33. gxf4 gxf4 34. Ke2 Ke6 35. Kf2 Kd6 36. Ke2 Ra5 37. Kd3 Bxf3 38. Rf1 Bd5 39. Rxf4 Rxa3 40. Rf6+ Be6 41. Kc2 Ra2+ 42. Kb1 Re2 43. Rf2 Re1+ 44. Kb2 Kc6 45. Rf6 Re2+ 46. Kb1 Kb5 47. Rf2 Re1+ 48. Kb2 a5 49. Rh2 Kc6 50. Rf2 b5 51. Rh2 Bf5 52. Rf2 Be4 53. Rh2 Rf1 54. Rf2 Rh1 55. Re2 Kd5 56. Ka2 b4 57. Rb2 Kc4 58. Bg7 bxc3 59. Rb8 Bd5 60. Rc8+ Kb4+ 0-1

[Event "London Classic Superblitz Gp-B"]
[Site "London"]
[Date "2024.12.07"]
[Round "2"]
[White "Ghasi, Ameet K"]
[Black "Efroimski, Marsel"]
[Result "1-0"]
[WhiteElo "2503"]
[BlackElo "2397"]
[PlyCount "179"]
[EventDate "2024.12.07"]
[EventType "tourn (blitz)"]
[EventRounds "7"]
[EventCountry "ENG"]
[EventCategory "11"]
[SourceTitle "CB04_2025"]
[SourceDate "2025.01.22"]
[SourceVersion "1"]
[SourceVersionDate "2025.01.22"]
[SourceQuality "1"]

1. Nf3 Nf6 2. g3 d5 3. Bg2 g6 4. 0-0 Bg7 5. d3 0-0 6. Nbd2 c5 7. e4 Nc6 8. Re1 e6 9. Qe2 dxe4 10. dxe4 e5 11. c3 b6 12. Nc4 Qc7 13. Bg5 Ba6 14. Bf1 h6 15. Bxf6 Bxf6 16. Qc2 Bxc4 17. Bxc4 Ne7 18. h4 h5 19. a4 Kg7 20. Qb3 Nc6 21. Bd5 Na5 22. Qa2 Rad8 23. b4 Nb7 24. a5 Nd6 25. axb6 axb6 26. Reb1 c4 27. Qa7 Rd7 28. Qxc7 Rxc7 29. Ra6 Nb5 30. Rc1 Rb8 31. Nd2 Nd6 32. Rca1 Nb5 33. Nxc4 Nxc3 34. Nxb6 Be7 35. Ra7 Rxa7 36. Rxa7 Rxb6 37. Rxe7 Nxd5 38. exd5 Kf6 39. Rc7 Rxb4 40. Rc6+ Kf5 41. Rc7 f6 42. d6 Rd4 43. Rd7 Ke6 44. Rg7 Kf5 45. d7 g5 46. hxg5 fxg5 47. Rh7 Kg6 48. Re7 Kf6 49. Rh7 Kg6 50. Re7 e4 51. Kf1 Kf6 52. Rh7 Kg6 53. Re7 Kf6 54. Rxe4 Rxd7 55. Rb4 Rd2 56. Rb6+ Kf5 57. Kg2 h4 58. Rb5+ Kg4 59. Rb4+ Kf5 60. gxh4 gxh4 61. Rxh4 Kg5 62. Ra4 Kf5 63. Kg3 Kg5 64. f3 Kf5 65. Ra6 Rd5 66. Rb6 Kg5 67. Rb8 Kf5 68. Rf8+ Kg5 69. Rg8+ Kf5 70. Rg4 Ra5 71. Rh4 Kg5 72. f4+ Kg6 73. Kg4 Ra4 74. Rh3 Rb4 75. Rc3 Rb1 76. Rc6+ Kg7 77. Kg5 Rb5+ 78. f5 Rb7 79. Ra6 Rc7 80. Rg6+ Kf7 81. Rh6 Kg7 82. f6+ Kg8 83. Kg6 Ra7 84. Rh1 Rb7 85. Rc1 Rb8 86. Rc7 Ra8 87. Rg7+ Kf8 88. Rh7 Kg8 89. f7+ Kf8 90. Rh8+ 1-0

[Event "Olympiad Women-45"]
[Site "Budapest"]
[Date "2024.09.20"]
[Round "9.1"]
[White "Efroimski, Marsel"]
[Black "Corrales Jimenez, Zenia"]
[Result "1-0"]
[WhiteElo "2408"]
[BlackElo "2170"]
[PlyCount "75"]
[EventDate "2024.09.11"]
[EventType "team-swiss"]
[EventRounds "11"]
[EventCountry "HUN"]
[SourceTitle "EXT 2025"]
[Source "ChessBase"]
[SourceDate "2024.10.14"]
[SourceVersion "1"]
[SourceVersionDate "2024.10.14"]
[SourceQuality "1"]
[WhiteTeam "Israel (W)"]
[BlackTeam "Mexico (W)"]
[WhiteTeamCountry "ISR"]
[BlackTeamCountry "MEX"]

1. e4 c5 2. Nc3 Nc6 3. Bb5 Nd4 4. Nf3 e6 5. 0-0 a6 6. Bd3 Nc6 7. b3 g6 8. e5 Bg7 9. Re1 d5 10. exd6 Qxd6 11. Bb2 Nf6 12. Ne4 Qe7 13. Ne5 Nb4 14. Ng4 Nxg4 15. Bxg7 Rg8 16. Qxg4 Rxg7 17. Qg3 Kf8 18. Nd6 Nxd3 19. Qxd3 Qc7 20. b4 cxb4 21. Qd4 Qe7 22. Qxb4 f5 23. c4 a5 24. Qa3 Kg8 25. Rab1 h6 26. d4 Qd7 27. c5 Ra6 28. Rb3 Re7 29. Rbe3 Qc6 30. d5 Qxd5 31. Nxc8 Rc7 32. Nb6 Qxc5 33. Qxc5 Rxc5 34. Rxe6 Rc6 35. Re8+ Kf7 36. R8e7+ Kf6 37. Nd7+ Kg5 38. Nb8 1-0

[Event "Olympiad Women-45"]
[Site "Budapest"]
[Date "2024.09.18"]
[Round "7.1"]
[White "Efroimski, Marsel"]
[Black "Rouda Essa, Alserkal"]
[Result "1-0"]
[WhiteElo "2408"]
[BlackElo "2036"]
[PlyCount "105"]
[EventDate "2024.09.11"]
[EventType "team-swiss"]
[EventRounds "11"]
[EventCountry "HUN"]
[SourceTitle "EXT 2025"]
[Source "ChessBase"]
[SourceDate "2024.10.14"]
[SourceVersion "1"]
[SourceVersionDate "2024.10.14"]
[SourceQuality "1"]
[WhiteTeam "Israel (W)"]
[BlackTeam "United Arab Emirates (W)"]
[WhiteTeamCountry "ISR"]
[BlackTeamCountry "UAE"]

1. Nf3 c5 2. e4 Nc6 3. Nc3 e5 4. Bc4 d6 5. d3 h6 6. Nd2 g6 7. Nf1 Bg7 8. Be3 Nf6 9. h3 Rb8 10. Qd2 Nd4 11. a4 b6 12. Ng3 0-0 13. Nb5 Nxb5 14. axb5 Kh7 15. Rxa7 d5 16. exd5 Nxd5 17. h4 Nxe3 18. Qxe3 Bd7 19. h5 g5 20. Qe4+ Kh8 21. Qd5 Be6 22. Qxd8 Rfxd8 23. Bxe6 fxe6 24. Ne4 Ra8 25. Rxa8 Rxa8 26. Kd2 Kg8 27. b3 Ra5 28. c4 Ra2+ 29. Kc3 Kf7 30. Rc1 Bf8 31. Rc2 Ra8 32. Re2 Ra7 33. Kb2 Rd7 34. Kc2 Ra7 35. Nc3 Bd6 36. Na4 Rb7 37. Kd2 Kf6 38. f3 Kf7 39. Ke3 Bc7 40. Ra2 Bb8 41. Nc3 Ke7 42. Ra6 Ba7 43. Ke4 Kf6 44. Na4 g4 45. fxg4 Kg5 46. Kxe5 Kxg4 47. Kd6 Kxh5 48. Kc6 Rg7 49. Nxb6 Bxb6 50. Kxb6 Rxg2 51. Kxc5 Rg8 52. Rxe6 Rc8+ 53. Kb4 1-0

[Event "Olympiad Women-45"]
[Site "Budapest"]
[Date "2024.09.12"]
[Round "2.25"]
[White "Efroimski, Marsel"]
[Black "Shuqja, Klean"]
[Result "1-0"]
[WhiteElo "2408"]
[BlackElo "2042"]
[PlyCount "53"]
[EventDate "2024.09.11"]
[EventType "team-swiss"]
[EventRounds "11"]
[EventCountry "HUN"]
[SourceTitle "EXT 2025"]
[Source "ChessBase"]
[SourceDate "2024.10.14"]
[SourceVersion "1"]
[SourceVersionDate "2024.10.14"]
[SourceQuality "1"]
[WhiteTeam "Israel (W)"]
[BlackTeam "Albania (W)"]
[WhiteTeamCountry "ISR"]
[BlackTeamCountry "ALB"]

1. e4 d5 2. exd5 Qxd5 3. Nc3 Qd6 4. d4 Nf6 5. Nf3 g6 6. h3 Bg7 7. Be3 0-0 8. Qd2 c6 9. Bh6 Be6 10. Be2 Nbd7 11. Bf4 Qb4 12. 0-0 Rfc8 13. Rfe1 a5 14. Ng5 Nf8 15. a3 Qb6 16. Na4 Qa7 17. c4 b6 18. Bf1 Rd8 19. Nf3 N8d7 20. Nc3 Nc5 21. Qe3 Nb3 22. Rad1 Bf5 23. Bd3 Bxd3 24. Rxd3 e6 25. Bg5 Rdc8 26. Bxf6 Bxf6 27. Ne4 1-0

[Event "Karlsruhe Grenke op"]
[Site "Karlsruhe"]
[Date "2024.03.31"]
[Round "7"]
[White "Efroimski, Marsel"]
[Black "Pillard, Valentin"]
[Result "0-1"]
[WhiteElo "2467"]
[BlackElo "2224"]
[PlyCount "101"]
[EventDate "2024.03.28"]
[EventType "swiss"]
[EventRounds "9"]
[EventCountry "GER"]
[SourceTitle "EXT 2025"]
[Source "ChessBase"]
[SourceDate "2024.10.14"]
[SourceVersion "1"]
[SourceVersionDate "2024.10.14"]
[SourceQuality "1"]

1. c4 f5 2. g3 Nf6 3. Bg2 g6 4. d4 Bg7 5. Nc3 0-0 6. Nh3 d6 7. d5 Na6 8. 0-0 e5 9. dxe6 c6 10. Bf4 Ne8 11. Bg5 Nf6 12. Bf4 Ne8 13. Qd2 Nc5 14. Rfd1 Nxe6 15. Be3 Qf6 16. Rac1 Nc5 17. b4 Nd7 18. b5 Ne5 19. bxc6 bxc6 20. Nd5 Qf7 21. Ng5 Qd7 22. c5 h6 23. Nf3 Nxf3+ 24. Bxf3 Kh7 25. Nb4 Bb7 26. cxd6 Rf6 27. Bf4 Rc8 28. Bxc6 Bxc6 29. Rxc6 Rxc6 30. Nxc6 g5 31. Nb8 Qd8 32. Be5 Re6 33. Bxg7 Rxd6 34. Bd4 Qxb8 35. Qc2 Qb5 36. Bxa7 Rxd1+ 37. Qxd1 Kg6 38. a4 Qa5 39. Bd4 Nc7 40. Qb3 Nd5 41. Kg2 Qa8 42. f3 g4 43. Kf2 gxf3 44. exf3 Qa5 45. Ke2 Qd8 46. Qc4 h5 47. Qc6+ Kf7 48. Qh6 Qe8+ 49. Kd3 Nb4+ 50. Kc4 Qc6+ 51. Qxc6 0-1

[Event "ISR-chT"]
[Site "Israel"]
[Date "2024.03.01"]
[Round "9.3"]
[White "Efroimski, Marsel"]
[Black "Aizenberg, Benny"]
[Result "1/2-1/2"]
[WhiteElo "2449"]
[BlackElo "2412"]
[PlyCount "48"]
[EventDate "2024.01.10"]
[EventType "team-tourn"]
[EventRounds "11"]
[EventCountry "ISR"]
[SourceTitle "CBM 218 Extra"]
[Source "ChessBase"]
[SourceDate "2024.03.31"]
[SourceVersion "1"]
[SourceVersionDate "2024.03.31"]
[SourceQuality "1"]
[WhiteTeam "Rishon Le Zion II"]
[BlackTeam "Petach Tikva"]
[WhiteTeamCountry "ISR"]
[BlackTeamCountry "ISR"]

1. e4 c5 2. c3 Nf6 3. e5 Nd5 4. Nf3 Nc6 5. d4 cxd4 6. cxd4 d6 7. Bc4 Nb6 8. Bb5 dxe5 9. Nxe5 Bd7 10. Nxd7 Qxd7 11. Nc3 e6 12. 0-0 Rd8 13. Be3 Be7 14. Qf3 0-0 15. Rfd1 a6 16. Bxc6 bxc6 17. Rac1 a5 18. b3 Ra8 19. h3 Rfc8 20. Rc2 h6 21. Qg4 Kf8 22. Qe4 Kg8 23. Qg4 Kf8 24. Qe4 Kg8 1/2-1/2